000 00627nam a2200229Ia 4500
003 OSt
005 20221007071124.0
006 a|||||r|||| 00| 0
007 ta
008 221006b |||||||| |||| 00| 0 eng d
024 _a27,572
037 _cReports / Technical Reports
040 _aFLL
_cFLL
_beng
041 _2eng
_aeng
082 _aZ58,4.N7, L7
100 _aBarry Donald D.
245 0 _aGovernmental tort liability
260 _aLeyden
_bA.W. Sijhoff
_c1970
300 _a327p
_ccm.
942 _hZ58,4.N7, L7
_cREP
_2CC
999 _c1142506
_d1142506